Colección de información bibliográfica nº1: derecho

Sábháilte in:
Sonraí bibleagrafaíochta
Údar corparáideach: Universidad de Chile (Údar)
Formáid: LEABHAR
Teanga:Spáinnis
Foilsithe / Cruthaithe: Santiago Universidad de Chile 1968
Ábhair:
Clibeanna: Cuir clib leis
Níl clibeanna ann, Bí ar an gcéad duine le clib a chur leis an taifead seo!

MARC

LEADER 00000nam a2200000 a 4500
001 UCS3309
003 CL-VaPUC
008 970620e19680000CL |||||||||||||||||spa|d
082 0 4 |a 016.05  |b UNI  |2 21 
110 2 |a Universidad de Chile  |e author  |9 389326 
245 1 0 |a Colección de información bibliográfica nº1: derecho 
300 |a 228 p 
942 |c BK 
945 |d 19970620 00:00:00  |a lriquelm 
260 |a Santiago  |b Universidad de Chile  |c 1968 
500 |a Revista de Derecho y Jurisprudencia y Ciencias Sociales, Gacetas de los Tribunales 1903-1966 
650 0 |a Derecho administrativo  |9 254851 
650 7 |a BIBLIOGRAFIA  |2 CL-VaPUC  |9 256175 
650 7 |a DECRETOS  |2 CL-VaPUC  |9 309678 
650 0 |a Leyes  |9 256670 
650 7 |a REGLAMENTOS  |2 CL-VaPUC  |9 259254 
650 7 |a NORMAS  |2 CL-VaPUC  |9 259606 
650 0 |a Jurisprudencia  |9 255952 
583 |a last modification  |c 19970620 00:00:00  |k Rodrigo Vera 
999 |c 261050  |d 261048 
952 |0 0  |1 0  |4 0  |6 016_050000000000000_UNI_1968  |7 0  |8 F  |9 287826  |a BIBDER  |b BIBDER  |d 2019-11-19  |i 1866052  |o 016.05 UNI 1968  |p 1866052  |r 2023-01-25  |w 2019-11-19  |y BK_F  |k DER